| 000 | 00666nam a22002057a 4500 | ||
|---|---|---|---|
| 999 |
_c167990 _d167990 |
||
| 005 | 20190924162034.0 | ||
| 010 | _aB-730162 | ||
| 020 |
_c199.00 _a9789383331833 |
||
| 035 | _aB-730162 | ||
| 037 | _bDuckbill Books | ||
| 082 | _aN | ||
| 100 | _aUdasi, Harshikaa | ||
| 245 |
_aKittu's very mad day / _cby Harshikaa Udasi ; illustrated by Lavany Naidu |
||
| 260 |
_bDuckbill Books _aChennai _c2019 |
||
| 270 |
_bChennai _aF2, Oyster Operaa, 35/36 Gangai Street Kalakshetra Colony _e600090 |
||
| 300 |
_a92p. _c20cm(pbk) |
||
| 700 | _aNaidu, Lavany | ||
| 942 |
_2ddc _cCH _mUDA _hN |
||